North-South MRT Line (Singapore) - Statistics

General Stats
  • This quiz has been taken 69 times
  • The average score is 20 of 28
Answer Stats
Hint Answer % Correct
NS 1 (EW 24 & JE 5) Jurong East
100%
NS 2 Bukit Batok
98%
NS 3 Bukit Gombak
94%
NS 4 (BP 1 & JS 1) Choa Chu Kang
92%
NS 7 Kranji
90%
NS 5 Yew Tee
90%
NS 9 (TE 2) Woodlands
88%
NS 16 (CR 11) Ang Mo Kio
78%
NS 8 Marsiling
78%
NS 25 (EW13) City Hall
76%
NS 17 (CC 15) Bishan
73%
NS 12 Canberra
73%
NS 24 (NE 6 & CC1) Dhoby Ghaut
73%
NS 27 (CE2 &TE 20) Marina Bay
73%
NS 13 Yishun
73%
NS 14 Khatib
71%
NS 22 (TE 14) Orchard
71%
NS 11 Sembawang
71%
NS 21 (DT 11) Newton
69%
NS 20 Novena
69%
NS 15 Yio Chu Kang
69%
NS 28 Marina South Pier
67%
NS 23 Somerset
67%
NS 19 Toa Payoh
65%
NS 18 Braddell
61%
NS 6 (DE 2) [Future Station] Sungei Kadut
39%
NS 10 Admirality
10%
NS 26 (EW 14) Raffles Palace
4%
No matching quizzes found
Score Distribution
Percent of People with Each Score
Percentile by Number Answered
Your Score History
You have not taken this quiz